000 00359nam a2200133Ia 4500
008 151001s9999||||xx |||||||||||||| ||und||
100 _aगो. ना. दातार
245 _aप्रवालद्वीप
250 _a4
260 _bदामोदर सावळाराम धंदे
260 _c1964
300 _a592
365 _b18
999 _c958723
_d958720